[Event "IRQ Clubs-chT"]
[Site "Baghdad"]
[Date "2017.08.16"]
[Round "4.3"]
[White "Saad, Al Sarsam"]
[Black "Hasan, Hemn"]
[Result "1-0"]
[WhiteElo "2365"]
[BlackElo "1918"]
[PlyCount "115"]
[EventDate "2017.08.16"]
[EventType "team-swiss"]
[EventRounds "7"]
[EventCountry "IRQ"]
[SourceTitle "CBM 180 Extra"]
[Source "ChessBase"]
[SourceDate "2017.10.06"]
[SourceVersion "1"]
[SourceVersionDate "2017.10.06"]
[SourceQuality "1"]
[WhiteTeam "Khanzad"]
[BlackTeam "Zeravani"]
[WhiteTeamCountry "IRQ"]
[BlackTeamCountry "IRQ"]

1. Nf3 Nf6 2. c4 g6 3. g3 c5 4. d4 cxd4 5. Nxd4 Bg7 6. Bg2 0-0 7. Nc3 Nc6 8. 0-0 Qb6 9. Nc2 d6 10. Rb1 Bf5 11. e4 Bg4 12. Qe1 Ne5 13. Be3 Qc7 14. f3 Be6 15. b3 Qc8 16. Nd4 Bh3 17. Qe2 Bxg2 18. Kxg2 Nc6 19. Rfd1 Qc7 20. Rbc1 Rfd8 21. Qf2 Qa5 22. Ndb5 Rd7 23. a3 Rc8 24. Bxa7 Nxa7 25. Qxa7 Qa6 26. Qe3 Rdd8 27. Nd5 Nxd5 28. exd5 Re8 29. a4 e6 30. Qf2 Bh6 31. Rc2 exd5 32. Rxd5 Be3 33. Qf1 Bc5 34. Qd1 Re3 35. Nxd6 Bxd6 36. Rxd6 Qa5 37. Re2 Qc3 38. Rxe3 Qxe3 39. Qd3 Qc1 40. Rd8+ Rxd8 41. Qxd8+ Kg7 42. Qd4+ Kg8 43. Qd3 h5 44. f4 Qb2+ 45. Kh3 Kg7 46. Qf3 b6 47. Qe3 Qb1 48. Kh4 Qd1 49. Qe5+ Kh7 50. Kg5 Qxb3 51. Kf6 Qxa4 52. Qd5 Qa1+ 53. Kxf7 Qg7+ 54. Ke8 Qb2 55. Qf7+ Kh6 56. Qf8+ Kh7 57. Kf7 Qd4 58. Qg8+ 1-0

[Event "Arab Clubs-chT"]
[Site "Agadir"]
[Date "2015.10.14"]
[Round "3.3"]
[White "Mohannad, Farhan"]
[Black "Saad, Al Sarsam"]
[Result "1-0"]
[WhiteElo "2292"]
[BlackElo "2375"]
[PlyCount "42"]
[EventDate "2015.10.13"]
[EventType "team-swiss"]
[EventRounds "9"]
[EventCountry "MAR"]
[SourceTitle "CBM 170 Extra"]
[Source "ChessBase"]
[SourceDate "2016.02.25"]
[SourceVersion "1"]
[SourceVersionDate "2016.02.25"]
[SourceQuality "1"]
[WhiteTeam "Amanat Amman"]
[BlackTeam "Etisalat"]
[WhiteTeamCountry "JOR"]
[BlackTeamCountry "IRQ"]

1. d4 f5 2. g3 Nf6 3. Bg2 e6 4. Nf3 d5 5. c4 c6 6. 0-0 Bd6 7. b3 0-0 8. Ba3 b6 9. Bxd6 Qxd6 10. Nbd2 Nbd7 11. Qc2 Ne4 12. Qb2 Bb7 13. Rad1 a5 14. Rfe1 Rac8 15. e3 Qe7 16. Ne5 Nxe5 17. dxe5 Rfd8 18. Nxe4 fxe4 19. c5 Ba6 20. Qd4 b5 21. a3 Rf8 1-0

[Event "Arab Clubs-chT 12th"]
[Site "Aden"]
[Date "2010.12.16"]
[Round "6"]
[White "Saad, Al Sarsam"]
[Black "Naiem, Mousa"]
[Result "1-0"]
[WhiteElo "2402"]
[BlackElo "2067"]
[PlyCount "36"]
[EventDate "2010.12.12"]
[EventType "team"]
[EventRounds "9"]
[EventCountry "YEM"]
[SourceTitle "EXT 2013"]
[Source "ChessBase"]
[SourceDate "2012.11.22"]
[SourceVersion "1"]
[SourceVersionDate "2012.11.22"]
[SourceQuality "1"]

1. c4 d6 2. Nc3 e5 3. g3 Nc6 4. Nf3 f5 5. d3 Nf6 6. Bg2 g6 7. 0-0 Bg7 8. Rb1 0-0 9. b4 Qe7 10. b5 Nd8 11. Nd5 Nxd5 12. cxd5 h6 13. Qc2 Rf7 14. a4 b6 15. Rb4 a5 16. Rc4 Ra7 17. Re1 Rb7 18. Nd2 g5 1-0

[Event "IRQ-ch"]
[Site "Baghdad"]
[Date "2010.03.14"]
[Round "5"]
[White "Naseer, Flaiih Hassan"]
[Black "Saad, Al Sarsam"]
[Result "1/2-1/2"]
[WhiteElo "2195"]
[BlackElo "2402"]
[PlyCount "66"]
[EventDate "2010.03.11"]
[EventType "tourn"]
[EventRounds "11"]
[EventCountry "IRQ"]
[EventCategory "1"]
[SourceTitle "CBM 135 Extra"]
[Source "ChessBase"]
[SourceDate "2010.05.04"]
[SourceVersion "1"]
[SourceVersionDate "2010.05.04"]
[SourceQuality "1"]

1. e4 c6 2. d4 d5 3. exd5 cxd5 4. c4 Nf6 5. Nc3 e6 6. Nf3 Bb4 7. cxd5 Nxd5 8. Bd2 Nc6 9. Bd3 Be7 10. 0-0 0-0 11. Re1 Bf6 12. Nxd5 exd5 13. Ne5 g6 14. Nxc6 bxc6 15. Bb4 Re8 16. Rxe8+ Qxe8 17. Bc5 a5 18. Qd2 Be6 19. Re1 Qb8 20. b3 Kg7 21. Bc2 Qc7 22. a4 Be7 23. Qc3 Bxc5 24. Qxc5 Rb8 25. h4 Qb6 26. Qd6 Re8 27. Qe5+ Kg8 28. Qf6 c5 29. h5 Qd8 30. Qxd8 Rxd8 31. hxg6 hxg6 32. dxc5 Rc8 33. Bxg6 Rxc5 1/2-1/2

[Event "IRQ-ch"]
[Site "Baghdad"]
[Date "2010.03.14"]
[Round "6"]
[White "Saad, Al Sarsam"]
[Black "Al Saffar, Araz Basim Mohammed"]
[Result "1/2-1/2"]
[WhiteElo "2402"]
[BlackElo "2304"]
[PlyCount "70"]
[EventDate "2010.03.11"]
[EventType "tourn"]
[EventRounds "11"]
[EventCountry "IRQ"]
[EventCategory "1"]
[SourceTitle "CBM 135 Extra"]
[Source "ChessBase"]
[SourceDate "2010.05.04"]
[SourceVersion "1"]
[SourceVersionDate "2010.05.04"]
[SourceQuality "1"]

1. d4 d5 2. c4 dxc4 3. e4 Nc6 4. d5 Ne5 5. Bf4 Ng6 6. Be3 e6 7. Bxc4 exd5 8. Bxd5 Bb4+ 9. Nc3 Bxc3+ 10. bxc3 Nf6 11. Qa4+ Bd7 12. Qb4 Nxd5 13. exd5 Qe7 14. Qxb7 0-0 15. Nf3 Nf4 16. 0-0 Nxg2 17. Kxg2 Rfb8 18. Qa6 Qe4 19. h3 Bb5 20. Qa5 Be2 21. Rg1 Bxf3+ 22. Kh2 Qe5+ 23. Rg3 g6 24. Bd4 Qf4 25. Re1 Re8 26. Be3 Qf5 27. c4 c6 28. Qc3 f6 29. d6 c5 30. d7 Red8 31. Bxc5 Bc6 32. Re7 Rxd7 33. Rxd7 Bxd7 34. Qd4 Re8 35. Qd6 Rc8 1/2-1/2

[Event "Amman tt"]
[Site "Amman"]
[Date "2008.06.23"]
[Round "3"]
[White "Saad, Al Sarsam"]
[Black "Mefleh, Fouad"]
[Result "1-0"]
[WhiteElo "2388"]
[BlackElo "2201"]
[PlyCount "55"]
[EventDate "2008.06.21"]
[EventType "team"]
[EventRounds "8"]
[EventCountry "JOR"]
[SourceTitle "CBM 125 Extra"]
[Source "ChessBase"]
[SourceDate "2008.09.01"]
[SourceVersion "1"]
[SourceVersionDate "2008.09.01"]
[SourceQuality "1"]

1. d4 d5 2. c4 c6 3. Qc2 Nf6 4. Nf3 a6 5. e3 b5 6. b3 g6 7. Bd3 Bg7 8. 0-0 0-0 9. Nbd2 Re8 10. Bb2 Ra7 11. Rfc1 Nbd7 12. h3 Bb7 13. Ne5 Nxe5 14. dxe5 Nd7 15. cxd5 cxd5 16. Nf3 e6 17. Bd4 Ra8 18. Qc7 Rb8 19. a4 b4 20. Rc2 Qe7 21. Rac1 Rec8 22. Qxc8+ Bxc8 23. Rxc8+ Rxc8 24. Rxc8+ Bf8 25. Bxa6 Kg7 26. Bb5 h6 27. Rc7 Qe8 28. Bxd7 1-0

[Event "Arab Cities-chT 5th"]
[Site "Beirut"]
[Date "2007.04.13"]
[Round "7"]
[White "Eid, Fadi"]
[Black "Saad, Al Sarsam"]
[Result "1/2-1/2"]
[WhiteElo "2375"]
[BlackElo "2384"]
[PlyCount "89"]
[EventDate "2007.04.08"]
[EventType "team"]
[EventRounds "9"]
[EventCountry "LBN"]
[SourceTitle "CBM 117 Extra"]
[Source "ChessBase"]
[SourceDate "2007.05.09"]
[SourceVersion "1"]
[SourceVersionDate "2007.05.09"]
[SourceQuality "1"]

1. e4 e6 2. d4 d5 3. Nc3 Nf6 4. Bg5 Be7 5. e5 Nfd7 6. h4 b6 7. Qg4 Kf8 8. 0-0-0 Ba6 9. Bxa6 Nxa6 10. Rh3 c6 11. f4 h5 12. Qe2 Nc7 13. Bxe7+ Qxe7 14. g4 hxg4 15. Qxg4 f5 16. Qg3 Kf7 17. Nf3 Rag8 18. h5 Nf8 19. Rg1 Rh6 20. Ne2 Ke8 21. Kb1 Kd7 22. Qh2 Rgh8 23. Rg5 Ne8 24. Nfg1 Qf7 25. a4 Kc8 26. a5 Kb7 27. axb6 axb6 28. Nc1 Nh7 29. Rg6 Nf8 30. Rxh6 gxh6 31. Rb3 Nc7 32. Nge2 Rg8 33. Nd3 Rg4 34. Qh3 Nd7 35. Nc5+ Nxc5 36. dxc5 b5 37. Qc3 Na6 38. Nd4 Rxf4 39. Nxb5 cxb5 40. Qa5 Qc7 41. Rxb5+ Ka7 42. Rb6 Qc8 43. c6 Ra4 44. Rxa6+ Qxa6 45. Qc7+ 1/2-1/2

[Event "Arab Cities-chT 5th"]
[Site "Beirut"]
[Date "2007.04.11"]
[Round "5"]
[White "Saad, Al Sarsam"]
[Black "Mohd, A Altaher"]
[Result "1-0"]
[WhiteElo "2384"]
[BlackElo "2161"]
[PlyCount "65"]
[EventDate "2007.04.08"]
[EventType "team"]
[EventRounds "9"]
[EventCountry "LBN"]
[SourceTitle "CBM 117 Extra"]
[Source "ChessBase"]
[SourceDate "2007.05.09"]
[SourceVersion "1"]
[SourceVersionDate "2007.05.09"]
[SourceQuality "1"]

1. e4 c5 2. b3 Nc6 3. Bb2 d6 4. f4 e6 5. Bb5 Nf6 6. Qe2 Bd7 7. Nf3 a6 8. Bxc6 Bxc6 9. d3 Be7 10. Nbd2 b5 11. 0-0 0-0 12. Ng5 h6 13. Nh3 Re8 14. Nf2 Bf8 15. e5 Nd5 16. Nfe4 f5 17. exf6 Nxf6 18. Nxf6+ gxf6 19. Ne4 Bg7 20. Rf3 Bxe4 21. dxe4 Ra7 22. a4 b4 23. Rd1 Qe7 24. Rg3 e5 25. f5 Kh8 26. Bc1 Rc8 27. Qh5 Qf8 28. Rg6 Rcc7 29. Rd3 c4 30. bxc4 Rxc4 31. Bxh6 Bxh6 32. Rxh6+ Qxh6 33. Qxh6+ 1-0

[Event "Dubai op 08th"]
[Site "Dubai"]
[Date "2006.04.29"]
[Round "7"]
[White "Baum, Bernd"]
[Black "Saad, Al Sarsam"]
[Result "0-1"]
[WhiteElo "2202"]
[BlackElo "2399"]
[PlyCount "68"]
[EventDate "2006.04.23"]
[EventType "swiss"]
[EventRounds "9"]
[EventCountry "UAE"]
[SourceTitle "EXT 2007"]
[Source "ChessBase"]
[SourceDate "2006.11.23"]
[SourceVersion "1"]
[SourceVersionDate "2006.11.23"]
[SourceQuality "1"]

1. e4 e6 2. d4 d5 3. Nd2 c5 4. exd5 exd5 5. Ngf3 Nc6 6. Bb5 a6 7. Bxc6+ bxc6 8. 0-0 cxd4 9. Nxd4 c5 10. Re1+ Be7 11. Nc6 Qc7 12. Nxe7 Nxe7 13. Qe2 Ra7 14. Nb3 0-0 15. Bd2 Be6 16. Qh5 Rc8 17. Re3 Qd7 18. Rae1 Ng6 19. Rg3 Rac7 20. f4 d4 21. Rg5 c4 22. Nc5 Qc6 23. Nxe6 fxe6 24. Qg4 Nf8 25. Bb4 d3 26. Bc3 Qb6+ 27. Kh1 Qb7 28. cxd3 cxd3 29. Rd1 h6 30. Rh5 Qe4 31. Re5 Qh7 32. Re3 Rd7 33. Rexd3 Rxd3 34. Rxd3 Rxc3 0-1

[Event "Dubai op 08th"]
[Site "Dubai"]
[Date "2006.04.24"]
[Round "2"]
[White "Saad, Al Sarsam"]
[Black "Laith, Kasib"]
[Result "1-0"]
[WhiteElo "2399"]
[BlackElo "2103"]
[PlyCount "83"]
[EventDate "2006.04.23"]
[EventType "swiss"]
[EventRounds "9"]
[EventCountry "UAE"]
[SourceTitle "EXT 2007"]
[Source "ChessBase"]
[SourceDate "2006.11.23"]
[SourceVersion "1"]
[SourceVersionDate "2006.11.23"]
[SourceQuality "1"]

1. Nf3 Nf6 2. c4 c6 3. d4 d5 4. e3 a6 5. Nc3 b5 6. b3 Bg4 7. Be2 e6 8. Bb2 Bd6 9. 0-0 Nbd7 10. Ne5 Bxe2 11. Nxe2 bxc4 12. bxc4 dxc4 13. Qc2 0-0 14. Nxc4 Bxh2+ 15. Kxh2 Ng4+ 16. Kg3 Nh6 17. Kh3 Qg5 18. g3 Nf6 19. Ne5 Nfg4 20. Nf4 Nxe5 21. dxe5 Qg4+ 22. Kg2 Nf5 23. Rh1 Qxg3+ 24. fxg3 Nxe3+ 25. Kf3 Nxc2 26. Rhc1 Nb4 27. Bd4 Rfd8 28. Rc4 Nd5 29. Rb1 Ne7 30. Bc5 Ng6 31. Nxg6 hxg6 32. Bd6 c5 33. Rxc5 f6 34. Ke4 fxe5 35. Kxe5 Rdc8 36. Rbc1 Rxc5+ 37. Rxc5 a5 38. a4 Kh7 39. Kxe6 Re8+ 40. Be7 Ra8 41. Kf7 Ra6 42. Rc1 1-0

[Event "Dubai op 08th"]
[Site "Dubai"]
[Date "2006.04.23"]
[Round "1"]
[White "Prasanna Raghuram, Rao"]
[Black "Saad, Al Sarsam"]
[Result "1/2-1/2"]
[WhiteElo "2055"]
[BlackElo "2399"]
[PlyCount "121"]
[EventDate "2006.04.23"]
[EventType "swiss"]
[EventRounds "9"]
[EventCountry "UAE"]
[SourceTitle "EXT 2007"]
[Source "ChessBase"]
[SourceDate "2006.11.23"]
[SourceVersion "1"]
[SourceVersionDate "2006.11.23"]
[SourceQuality "1"]

1. e4 e5 2. Nf3 Nc6 3. Bb5 a6 4. Ba4 d6 5. 0-0 Bg4 6. d3 Nf6 7. c3 Be7 8. Nbd2 0-0 9. h3 Bd7 10. Re1 h6 11. Nf1 Nh7 12. Ng3 Ng5 13. Bb3 Nxf3+ 14. Qxf3 Bg5 15. Be3 g6 16. d4 Qe7 17. Rad1 Na5 18. Bc2 Nc4 19. Bxg5 hxg5 20. b3 Nb6 21. Nf1 Kg7 22. Ne3 Rh8 23. Bd3 Rh4 24. g4 Bb5 25. c4 Bd7 26. dxe5 Qxe5 27. Bf1 Re8 28. Bg2 Bc6 29. Nd5 Bxd5 30. cxd5 Re7 31. Rc1 Rh8 32. Qc3 Nd7 33. Re3 Rc8 34. Qxe5+ Nxe5 35. Bf1 f5 36. exf5 gxf5 37. gxf5 Kf6 38. Bg2 Kxf5 39. Rf1 c5 40. Be4+ Kf4 41. Bg2 Rce8 42. Kh1 g4 43. Re4+ Kf5 44. Rfe1 Rh7 45. Rxg4 Nxg4 46. Rxe8 Nxf2+ 47. Kh2 Ng4+ 48. Kg3 Ne5 49. Re6 Rg7+ 50. Kf2 Nd3+ 51. Ke3 Rg3+ 52. Kd2 Rxg2+ 53. Kxd3 Rxa2 54. Rxd6 Ke5 55. Rb6 Kxd5 56. Rxb7 Rg2 57. Rd7+ Kc6 58. Rh7 Kb5 59. Rb7+ Kc6 60. Rh7 Rg1 61. Ke3 1/2-1/2

[Event "Arab Clubs-chT 5th"]
[Site "Damascus"]
[Date "2003.07.23"]
[Round "9"]
[White "Saad, Al Sarsam"]
[Black "Eid, Fadi"]
[Result "1/2-1/2"]
[WhiteElo "2423"]
[BlackElo "2398"]
[PlyCount "53"]
[EventDate "2003.07.17"]
[EventType "team"]
[EventRounds "9"]
[EventCountry "SYR"]
[SourceTitle "CBM 095 Extra"]
[Source "ChessBase"]
[SourceDate "2003.09.04"]
[SourceVersion "1"]
[SourceVersionDate "2003.09.04"]
[SourceQuality "1"]

1. d4 d5 2. Nf3 Bf5 3. Bf4 Nc6 4. e3 e6 5. Bb5 Bd6 6. c3 Nge7 7. 0-0 h6 8. Re1 a6 9. Ba4 0-0 10. Nbd2 Re8 11. Bg3 b5 12. Bb3 Na5 13. e4 Nxb3 14. axb3 dxe4 15. Nxe4 Bxe4 16. Rxe4 c5 17. Bh4 Qb6 18. dxc5 Bxc5 19. b4 Bd6 20. Bxe7 Rxe7 21. Rd4 Bc7 22. Qe2 Ree8 23. Ne5 Bxe5 24. Qxe5 Rad8 25. Rad1 Rxd4 26. Qxd4 Qxd4 27. Rxd4 1/2-1/2

[Event "Arab Clubs-chT 5th"]
[Site "Damascus"]
[Date "2003.07.21"]
[Round "7"]
[White "Hakki, Imad"]
[Black "Saad, Al Sarsam"]
[Result "1-0"]
[WhiteElo "2451"]
[BlackElo "2423"]
[PlyCount "37"]
[EventDate "2003.07.17"]
[EventType "team"]
[EventRounds "9"]
[EventCountry "SYR"]
[SourceTitle "CBM 095 Extra"]
[Source "ChessBase"]
[SourceDate "2003.09.04"]
[SourceVersion "1"]
[SourceVersionDate "2003.09.04"]
[SourceQuality "1"]

1. e4 d6 2. d4 Nf6 3. Nc3 g6 4. f4 Bg7 5. Nf3 c5 6. dxc5 Qa5 7. Bd3 Qxc5 8. Qe2 0-0 9. Be3 Qa5 10. 0-0 Nc6 11. h3 Nd7 12. a3 Bxc3 13. bxc3 Qxc3 14. Bd2 Qc5+ 15. Be3 Qc3 16. Bd2 Qc5+ 17. Be3 Qc3 18. Qf2 Nc5 19. f5 1-0

[Event "Olympiad-35"]
[Site "Bled"]
[Date "2002.11.07"]
[Round "12.3"]
[White "Quinn, Mark"]
[Black "Saad, Al Sarsam"]
[Result "0-1"]
[WhiteElo "2429"]
[BlackElo "2409"]
[PlyCount "78"]
[EventDate "2002.10.26"]
[EventType "team-swiss"]
[EventRounds "14"]
[EventCountry "SLO"]
[SourceTitle "EXT 2003"]
[Source "ChessBase"]
[SourceDate "2002.11.25"]
[SourceVersion "1"]
[SourceVersionDate "2002.11.25"]
[SourceQuality "1"]
[WhiteTeam "Ireland"]
[BlackTeam "Iraq"]
[WhiteTeamCountry "IRL"]
[BlackTeamCountry "IRQ"]

1. c4 f5 2. d4 Nf6 3. Nc3 e6 4. Nh3 d5 5. g3 c6 6. Bg2 Bd6 7. Bf4 Qe7 8. 0-0 0-0 9. Bxd6 Qxd6 10. b3 Nbd7 11. Rc1 b6 12. Nf4 Ba6 13. Qd3 Rfe8 14. Rfd1 Rac8 15. h4 Qe7 16. Na4 c5 17. e3 cxd4 18. exd4 dxc4 19. bxc4 Qb4 20. Qb3 Rxc4 21. Nb2 Qxb3 22. axb3 Rb4 23. Rc3 Nf8 24. Ra1 Rc8 25. Re3 Bb5 26. d5 Ng4 27. Ree1 Rxb3 28. dxe6 Rxb2 29. e7 Ng6 30. Bd5+ Kh8 31. Be6 Nxf4 32. gxf4 Nxf2 33. Ra3 Rb8 34. Bxf5 g6 35. Be6 Kg7 36. Rxa7 Re8 37. Rd7 Nd3 38. Re3 Nxf4 39. Bg4 Rg2+ 0-1

[Event "Olympiad-35"]
[Site "Bled"]
[Date "2002.11.02"]
[Round "8.3"]
[White "Berzinsh, Roland"]
[Black "Saad, Al Sarsam"]
[Result "0-1"]
[WhiteElo "2472"]
[BlackElo "2409"]
[PlyCount "112"]
[EventDate "2002.10.26"]
[EventType "team-swiss"]
[EventRounds "14"]
[EventCountry "SLO"]
[SourceTitle "EXT 2003"]
[Source "ChessBase"]
[SourceDate "2002.11.25"]
[SourceVersion "1"]
[SourceVersionDate "2002.11.25"]
[SourceQuality "1"]
[WhiteTeam "Latvia"]
[BlackTeam "Iraq"]
[WhiteTeamCountry "LAT"]
[BlackTeamCountry "IRQ"]

1. e4 e6 2. d4 d5 3. Nc3 Nf6 4. Bg5 Bb4 5. e5 h6 6. Be3 Ne4 7. Nge2 c5 8. dxc5 Nd7 9. a3 Nxc3 10. Nxc3 Bxc5 11. Bxc5 Nxc5 12. Qd4 Nd7 13. Bb5 0-0 14. Bxd7 Bxd7 15. 0-0 Qa5 16. Qb4 Qxb4 17. axb4 Rfc8 18. Rfc1 Rc4 19. Na2 a5 20. c3 axb4 21. Nxb4 Rxa1 22. Rxa1 d4 23. Rc1 dxc3 24. bxc3 Bb5 25. Nd3 Rc7 26. Nb2 g5 27. f3 Rc5 28. c4 Ba6 29. Kf2 Kf8 30. h4 Rxe5 31. Nd3 Ra5 32. hxg5 hxg5 33. Nb4 Ke7 34. c5 Ra4 35. Nxa6 bxa6 36. Rb1 Ra2+ 37. Kg3 f5 38. Rb7+ Kf6 39. c6 f4+ 40. Kh3 Ra1 41. Kh2 Rc1 42. Rb6 g4 43. fxg4 a5 44. Ra6 Rc5 45. g3 f3 46. c7 Rxc7 47. Rxa5 Rc2+ 48. Kg1 e5 49. Kf1 Re2 50. Ra8 e4 51. Rf8+ Ke5 52. g5 Rg2 53. Re8+ Kd4 54. Rd8+ Ke3 55. g6 Rxg3 56. Rd6 Rh3 0-1

[Event "Olympiad-35"]
[Site "Bled"]
[Date "2002.10.29"]
[Round "4.3"]
[White "Chuah, Jin Jonathan Hai"]
[Black "Saad, Al Sarsam"]
[Result "1/2-1/2"]
[WhiteElo "2199"]
[BlackElo "2409"]
[PlyCount "165"]
[EventDate "2002.10.26"]
[EventType "team-swiss"]
[EventRounds "14"]
[EventCountry "SLO"]
[SourceTitle "EXT 2003"]
[Source "ChessBase"]
[SourceDate "2002.11.25"]
[SourceVersion "1"]
[SourceVersionDate "2002.11.25"]
[SourceQuality "1"]
[WhiteTeam "Malaysia"]
[BlackTeam "Iraq"]
[WhiteTeamCountry "MAS"]
[BlackTeamCountry "IRQ"]

1. e4 e6 2. Nf3 d5 3. exd5 exd5 4. d4 a6 5. Bd3 Nc6 6. 0-0 Bg4 7. c3 Bd6 8. Be3 Nge7 9. Nbd2 Qd7 10. Re1 0-0 11. Qc2 Bf5 12. Bg5 f6 13. Bh4 Rfe8 14. Bg3 Bxd3 15. Qxd3 Nf5 16. Nb3 Bxg3 17. hxg3 Nd6 18. Nc5 Qf7 19. Nd2 Na5 20. b3 Nc6 21. Nf3 a5 22. Nd2 b6 23. Na4 Rxe1+ 24. Rxe1 Re8 25. Kf1 Qh5 26. Rxe8+ Qxe8 27. Nb2 b5 28. a4 b4 29. c4 Qe6 30. Qe3 Qf7 31. Qd3 Qh5 32. c5 Nf5 33. Nf3 Qg4 34. Qa6 Nfe7 35. Qb7 Qe4 36. Nd1 Nxd4 37. Nxd4 Qxd4 38. Ne3 Qxc5 39. Kg1 Kf7 40. g4 Qc3 41. g3 Qc5 42. Qa8 Qc1+ 43. Kh2 d4 44. Nf5 Qc2 45. Qf3 Qc6 46. Qd1 Nxf5 47. gxf5 Qd7 48. Qd3 Qd5 49. Kg1 g6 50. g4 Kg7 51. Kh2 Qe5+ 52. Kh3 Qf4 53. Qe2 Qd6 54. Qd3 Qd5 55. Kh2 c5 56. Kg1 h5 57. Qe2 Qe5 58. Qf3 hxg4 59. Qb7+ Kh6 60. fxg6 Kxg6 61. Qa8 Qe6 62. Qd8 Qxb3 63. Qe8+ Qf7 64. Qc8 f5 65. Qxc5 Qd7 66. Qxa5 d3 67. Qa8 d2 68. Qg8+ Kf6 69. Qh8+ Kg5 70. Qg8+ Kf4 71. Qb8+ Kf3 72. Qg3+ Ke2 73. Qe3+ Kd1 74. Qb3+ Kc1 75. Qc4+ Kb2 76. Qxb4+ Ka2 77. Qc4+ Ka3 78. Qc3+ Ka2 79. Qc2+ Ka1 80. Qc3+ Kb1 81. Qb3+ Kc1 82. Qc3+ Kd1 83. Qb3+ 1/2-1/2

[Event "Olympiad-35"]
[Site "Bled"]
[Date "2002.10.28"]
[Round "3.2"]
[White "Kantinti, Shaddrack"]
[Black "Saad, Al Sarsam"]
[Result "0-1"]
[WhiteElo "2200"]
[BlackElo "2409"]
[PlyCount "100"]
[EventDate "2002.10.26"]
[EventType "team-swiss"]
[EventRounds "14"]
[EventCountry "SLO"]
[SourceTitle "EXT 2003"]
[Source "ChessBase"]
[SourceDate "2002.11.25"]
[SourceVersion "1"]
[SourceVersionDate "2002.11.25"]
[SourceQuality "1"]
[WhiteTeam "Uganda"]
[BlackTeam "Iraq"]
[WhiteTeamCountry "UGA"]
[BlackTeamCountry "IRQ"]

1. e4 e5 2. Nf3 Nf6 3. Nc3 Nc6 4. Bc4 Nxe4 5. Bxf7+ Kxf7 6. Nxe4 d5 7. Neg5+ Kg8 8. d4 h6 9. Nh3 Bxh3 10. gxh3 exd4 11. Nxd4 Qh4 12. Ne2 d4 13. 0-0 Qxh3 14. Nxd4 Bd6 15. f4 Nxd4 16. Qxd4 Re8 17. Bd2 Qf5 18. Qd3 Qxd3 19. cxd3 Re2 20. Bc3 Kf7 21. Rae1 Rhe8 22. Be5 Rxe1 23. Rxe1 Bxe5 24. fxe5 Rd8 25. Rc1 c6 26. Rc3 Ke6 27. Rb3 b6 28. Ra3 Rd7 29. d4 Rxd4 30. Rxa7 Rg4+ 31. Kf2 Kxe5 32. Ra6 Rb4 33. b3 Kd5 34. Ra7 g5 35. Rh7 Rh4 36. Kg3 b5 37. a3 c5 38. Rb7 Kc6 39. Rf7 c4 40. Rf6+ Kb7 41. Rf7+ Kb6 42. Rf6+ Ka5 43. Rf3 Rd4 44. Rc3 h5 45. Kf2 Kb6 46. Re3 Rd2+ 47. Kg1 Kc5 48. b4+ Kd4 49. Re8 c3 50. Rd8+ Ke5 0-1

[Event "Arab-ch"]
[Site "Casablanca"]
[Date "2002.09.02"]
[Round "7"]
[White "Kaabi, Mejdi"]
[Black "Saad, Al Sarsam"]
[Result "1/2-1/2"]
[WhiteElo "2359"]
[BlackElo "2407"]
[PlyCount "67"]
[EventDate "2002.08.26"]
[EventType "swiss"]
[EventRounds "9"]
[EventCountry "MAR"]
[SourceTitle "CBM 090 Extra"]
[Source "ChessBase"]
[SourceDate "2002.11.07"]
[SourceVersion "1"]
[SourceVersionDate "2002.11.07"]
[SourceQuality "1"]

1. d4 d5 2. c4 c6 3. Nf3 Nf6 4. cxd5 cxd5 5. Nc3 Nc6 6. Bf4 a6 7. e3 e6 8. Rc1 Bd7 9. Bd3 Be7 10. h3 0-0 11. 0-0 Rc8 12. Qe2 h6 13. Rfd1 Nh5 14. Bh2 f5 15. g4 Nf6 16. Ne5 Ne4 17. gxf5 Nxc3 18. bxc3 exf5 19. Ng6 Rf6 20. Nf4 Ba3 21. Rb1 Bd6 22. Rxb7 Na5 23. Rbb1 Bxf4 24. Bxf4 Nc4 25. f3 Be6 26. Kh2 Rf7 27. Bxc4 Rxc4 28. Rb8 Rc8 29. Rdb1 Kh7 30. Bg3 Rxb8 31. Rxb8 Bc8 32. Rb1 Rb7 33. Rc1 Be6 34. h4 1/2-1/2

[Event "Arab-ch"]
[Site "Casablanca"]
[Date "2002.08.30"]
[Round "5"]
[White "Saad, Al Sarsam"]
[Black "Tissir, Mohamed"]
[Result "1/2-1/2"]
[WhiteElo "2407"]
[BlackElo "2376"]
[PlyCount "74"]
[EventDate "2002.08.26"]
[EventType "swiss"]
[EventRounds "9"]
[EventCountry "MAR"]
[SourceTitle "CBM 090 Extra"]
[Source "ChessBase"]
[SourceDate "2002.11.07"]
[SourceVersion "1"]
[SourceVersionDate "2002.11.07"]
[SourceQuality "1"]

1. e4 c5 2. b3 d6 3. Bb2 Nc6 4. Bb5 Bd7 5. f4 a6 6. Bxc6 Bxc6 7. Qe2 d5 8. exd5 Qxd5 9. Nf3 Qe4 10. d3 Qxe2+ 11. Kxe2 f6 12. Nbd2 e6 13. Rhe1 Kf7 14. Kf2 Nh6 15. Ne4 Be7 16. Re2 Rhe8 17. Rae1 Bf8 18. h3 Rad8 19. g4 b5 20. Neg5+ fxg5 21. Ne5+ Kg8 22. Nxc6 Rd6 23. fxg5 Nxg4+ 24. Kg3 Rxc6 25. Kxg4 c4 26. dxc4 bxc4 27. Bd4 cxb3 28. axb3 Rb8 29. c3 Rxb3 30. Rxe6 Rxe6 31. Rxe6 Ra3 32. Re8 Ra4 33. Kf3 Kf7 34. Ra8 Ra5 35. Ra7+ Kg6 36. h4 h6 37. Ra8 Bc5 1/2-1/2

[Event "Arab-ch"]
[Site "Casablanca"]
[Date "2002.08.28"]
[Round "3"]
[White "Hamdouchi, Hicham"]
[Black "Saad, Al Sarsam"]
[Result "1/2-1/2"]
[WhiteElo "2570"]
[BlackElo "2407"]
[PlyCount "62"]
[EventDate "2002.08.26"]
[EventType "swiss"]
[EventRounds "9"]
[EventCountry "MAR"]
[SourceTitle "CBM 090 Extra"]
[Source "ChessBase"]
[SourceDate "2002.11.07"]
[SourceVersion "1"]
[SourceVersionDate "2002.11.07"]
[SourceQuality "1"]

1. e4 e5 2. Bc4 Nf6 3. d3 c6 4. Nf3 Be7 5. 0-0 d6 6. c3 0-0 7. Bb3 h6 8. Re1 Nh7 9. d4 Bf6 10. h3 Qe7 11. Be3 Rd8 12. Nbd2 Nd7 13. Nf1 Ndf8 14. Ng3 Ng6 15. Nh5 Ng5 16. Nxf6+ Qxf6 17. Nxg5 hxg5 18. g3 Nf8 19. Qh5 Nh7 20. dxe5 dxe5 21. Red1 Be6 22. Rxd8+ Rxd8 23. Bxe6 Qxe6 24. Bxg5 Nxg5 25. Qxg5 Rd3 26. Kg2 f6 27. Qg6 Qf7 28. Qg4 Qd7 29. Qh5 Rd2 30. b3 a5 31. a4 Qd3 1/2-1/2

[Event "Arab-ch"]
[Site "Tunis"]
[Date "2001.??.??"]
[Round "3"]
[White "Saad, Al Sarsam"]
[Black "Bouaziz, Slim"]
[Result "1/2-1/2"]
[WhiteElo "2432"]
[BlackElo "2379"]
[PlyCount "72"]
[EventDate "2001.10.??"]
[EventType "swiss"]
[EventRounds "9"]
[EventCountry "TUN"]
[SourceTitle "CBM 085 Extra"]
[Source "ChessBase"]
[SourceDate "2002.01.21"]
[SourceVersion "1"]
[SourceVersionDate "2002.01.21"]
[SourceQuality "1"]

1. d4 Nf6 2. c4 e6 3. Nf3 c5 4. Nc3 cxd4 5. Nxd4 Bb4 6. Qb3 Bc5 7. Be3 b6 8. f3 0-0 9. Bf2 Nc6 10. Nxc6 Bxf2+ 11. Kxf2 dxc6 12. Rd1 Qe7 13. e3 Bb7 14. Be2 Rfd8 15. a3 c5 16. Qc2 Bc6 17. Rxd8+ Rxd8 18. Rd1 Rxd1 19. Qxd1 Ne8 20. g3 Qd6 21. Qc2 f5 22. f4 Nf6 23. Bf3 g6 24. h3 Bd7 25. Qd1 Qxd1 26. Bxd1 Kf7 27. Bf3 Ke7 28. h4 Kd6 29. e4 e5 30. Ke3 fxe4 31. Nxe4+ Nxe4 32. Bxe4 Be6 33. Bd3 Bg4 34. Be4 Be6 35. Bd3 Bg4 36. Bc2 Be6 1/2-1/2